00719nam a2200241 a 4500001001300000003000900013005001700022008004100039020002300080082001500103100001500118245003600133260003700169300000900206500003500215505003000250650003700280700001500317902000800332942000700340952011300347999001700460nice12345678IN_TiNIC20260116015027.0050524s2001 dura grp 000 0 eng  a1890082 c10000a220.6bCRP aCross, J R aAll That the Prophet Has Spoken aDurham (canada)bGood Seedc2001 a304p aincludes index and biblioraphy2 aSubject Index, Name Index aBible-Criticism & Interpretation1 aCross, J R bSRS cBK 00104070aHMIbHMId2007-06-15g100.00l2m2o220.6 CROp11001314r2023-07-12s2023-07-05w2026-01-16yBK c18006d18006